Corrigendum to “The 2016 update of the International Study Group (ISGPF) definition and grading of postoperative pancreatic fistula: eleven years after.” Surgery 2017. Mar; 161 (3):584-591. Epub Dec 28, 2016
Saved in:
| Main Authors: | , , , , , , , , , , , , , , , , , , , , , , , , , , , , , , , , |
|---|---|
| Format: | Article (Journal) |
| Language: | English |
| Published: |
September 2024
|
| In: |
Surgery
Year: 2024, Volume: 176, Issue: 3, Pages: 988-989 |
| ISSN: | 1532-7361 |
| DOI: | 10.1016/j.surg.2024.05.043 |
| Online Access: | Verlag, lizenzpflichtig, Volltext: https://doi.org/10.1016/j.surg.2024.05.043 Verlag, lizenzpflichtig, Volltext: https://www.sciencedirect.com/science/article/pii/S003960602400374X |
| Author Notes: | Claudio Bassi, MD, Giovanni Marchegiani, MD, Christos Dervenis, MD, Micheal Sarr, MD, Mohammad Abu Hilal, MD, Mustapha Adham, MD, Peter Allen, MD, Roland Andersson, MD, Horacio J. Asbun, MD, Marc G. Besselink, MD, Kevin Conlon, MD, Marco Del Chiaro, MD, Massimo Falconi, MD, Laureano Fernandez-Cruz, MD, Carlos Fernandez-del Castillo, MD, Abe Fingerhut, MD, Helmut Friess, MD, Dirk J. Gouma, MD, Thilo Hackert, MD, Jakob Izbicki, MD, Keith D. Lillemoe, MD, John P. Neoptolemos, MD, Attila Olah, MD, Richard Schulick, MD, Shailesh V. Shrikhande, MD, Tadahiro Takada, MD, Kyoichi Takaori, MD, William Traverso, MD, Charles R. Vollmer, MD, Christopher L. Wolfgang, MD, Charles J. Yeo, MD, Roberto Salvia, MD, Marcus Buchler, MD, from the International Study Group on Pancreatic Surgery (ISGPS) |
MARC
| LEADER | 00000caa a2200000 c 4500 | ||
|---|---|---|---|
| 001 | 1908288639 | ||
| 003 | DE-627 | ||
| 005 | 20241205220104.0 | ||
| 007 | cr uuu---uuuuu | ||
| 008 | 241112s2024 xx |||||o 00| ||eng c | ||
| 024 | 7 | |a 10.1016/j.surg.2024.05.043 |2 doi | |
| 035 | |a (DE-627)1908288639 | ||
| 035 | |a (DE-599)KXP1908288639 | ||
| 035 | |a (OCoLC)1475647116 | ||
| 040 | |a DE-627 |b ger |c DE-627 |e rda | ||
| 041 | |a eng | ||
| 084 | |a 33 |2 sdnb | ||
| 100 | 1 | |a Bassi, Claudio |d 1952- |e VerfasserIn |0 (DE-588)1166566285 |0 (DE-627)1030481318 |0 (DE-576)510793355 |4 aut | |
| 245 | 1 | 0 | |a Corrigendum to “The 2016 update of the International Study Group (ISGPF) definition and grading of postoperative pancreatic fistula |b eleven years after.” Surgery 2017. Mar; 161 (3):584-591. Epub Dec 28, 2016 |c Claudio Bassi, MD, Giovanni Marchegiani, MD, Christos Dervenis, MD, Micheal Sarr, MD, Mohammad Abu Hilal, MD, Mustapha Adham, MD, Peter Allen, MD, Roland Andersson, MD, Horacio J. Asbun, MD, Marc G. Besselink, MD, Kevin Conlon, MD, Marco Del Chiaro, MD, Massimo Falconi, MD, Laureano Fernandez-Cruz, MD, Carlos Fernandez-del Castillo, MD, Abe Fingerhut, MD, Helmut Friess, MD, Dirk J. Gouma, MD, Thilo Hackert, MD, Jakob Izbicki, MD, Keith D. Lillemoe, MD, John P. Neoptolemos, MD, Attila Olah, MD, Richard Schulick, MD, Shailesh V. Shrikhande, MD, Tadahiro Takada, MD, Kyoichi Takaori, MD, William Traverso, MD, Charles R. Vollmer, MD, Christopher L. Wolfgang, MD, Charles J. Yeo, MD, Roberto Salvia, MD, Marcus Buchler, MD, from the International Study Group on Pancreatic Surgery (ISGPS) |
| 264 | 1 | |c September 2024 | |
| 300 | |a 2 | ||
| 336 | |a Text |b txt |2 rdacontent | ||
| 337 | |a Computermedien |b c |2 rdamedia | ||
| 338 | |a Online-Ressource |b cr |2 rdacarrier | ||
| 500 | |a Online verfügbar: 25. Juni 2024, Artikelversion: 15. August 2024 | ||
| 500 | |a Gesehen am 12.11.2024 | ||
| 700 | 1 | |a Marchegiani, Giovanni |e VerfasserIn |4 aut | |
| 700 | 1 | |a Dervenis, Christos |e VerfasserIn |4 aut | |
| 700 | 1 | |a Sarr, Micheal |e VerfasserIn |4 aut | |
| 700 | 1 | |a Abu Hilal, Mohammad |e VerfasserIn |4 aut | |
| 700 | 1 | |a Adham, Mustapha |e VerfasserIn |4 aut | |
| 700 | 1 | |a Allen, Peter |e VerfasserIn |4 aut | |
| 700 | 1 | |a Andersson, Roland |e VerfasserIn |4 aut | |
| 700 | 1 | |a Asbun, Horacio J. |e VerfasserIn |4 aut | |
| 700 | 1 | |a Besselink, Marc G. |e VerfasserIn |4 aut | |
| 700 | 1 | |a Conlon, Kevin |e VerfasserIn |4 aut | |
| 700 | 1 | |a Del Chiaro, Marco |e VerfasserIn |4 aut | |
| 700 | 1 | |a Falconi, Massimo |e VerfasserIn |4 aut | |
| 700 | 1 | |a Fernandez-Cruz, Laureano |e VerfasserIn |4 aut | |
| 700 | 1 | |a Fernandez-del Castillo, Carlos |e VerfasserIn |4 aut | |
| 700 | 1 | |a Fingerhut, Abe |e VerfasserIn |4 aut | |
| 700 | 1 | |a Friess, Helmut |e VerfasserIn |4 aut | |
| 700 | 1 | |a Gouma, Dirk J. |e VerfasserIn |4 aut | |
| 700 | 1 | |a Hackert, Thilo |d 1971- |e VerfasserIn |0 (DE-588)122158512 |0 (DE-627)70579346X |0 (DE-576)182659208 |4 aut | |
| 700 | 1 | |a Izbicki, Jakob |e VerfasserIn |4 aut | |
| 700 | 1 | |a Lillemoe, Keith D. |e VerfasserIn |4 aut | |
| 700 | 1 | |a Neoptolemos, John P. |e VerfasserIn |4 aut | |
| 700 | 1 | |a Olah, Attila |e VerfasserIn |4 aut | |
| 700 | 1 | |a Schulick, Richard |e VerfasserIn |4 aut | |
| 700 | 1 | |a Shrikhande, Shailesh V. |e VerfasserIn |4 aut | |
| 700 | 1 | |a Takada, Tadahiro |e VerfasserIn |4 aut | |
| 700 | 1 | |a Takaori, Kyoichi |e VerfasserIn |4 aut | |
| 700 | 1 | |a Traverso, William |e VerfasserIn |4 aut | |
| 700 | 1 | |a Vollmer, Charles R. |e VerfasserIn |4 aut | |
| 700 | 1 | |a Wolfgang, Christopher L. |e VerfasserIn |4 aut | |
| 700 | 1 | |a Yeo, Charles J. |e VerfasserIn |4 aut | |
| 700 | 1 | |a Salvia, Roberto |e VerfasserIn |4 aut | |
| 700 | 1 | |a Büchler, Markus W. |d 1955- |e VerfasserIn |0 (DE-588)120893339 |0 (DE-627)080952526 |0 (DE-576)292434146 |4 aut | |
| 773 | 0 | 8 | |i Enthalten in |t Surgery |d Amsterdam [u.a.] : Elsevier, 1995 |g 176(2024), 3 vom: Okt., Seite 988-989 |w (DE-627)315974907 |w (DE-600)2018278-8 |w (DE-576)093980949 |x 1532-7361 |7 nnas |a Corrigendum to “The 2016 update of the International Study Group (ISGPF) definition and grading of postoperative pancreatic fistula eleven years after.” Surgery 2017. Mar; 161 (3):584-591. Epub Dec 28, 2016 |
| 773 | 1 | 8 | |g volume:176 |g year:2024 |g number:3 |g month:10 |g pages:988-989 |g extent:2 |a Corrigendum to “The 2016 update of the International Study Group (ISGPF) definition and grading of postoperative pancreatic fistula eleven years after.” Surgery 2017. Mar; 161 (3):584-591. Epub Dec 28, 2016 |
| 787 | 0 | 8 | |i Ergänzung zu |a Bassi, Claudio, 1952 - |t The 2016 update of the International Study Group (ISGPS) definition and grading of postoperative pancreatic fistula |d 2017 |w (DE-627)1580793584 |w (DE-576)510793584 |
| 856 | 4 | 0 | |u https://doi.org/10.1016/j.surg.2024.05.043 |x Verlag |x Resolving-System |z lizenzpflichtig |3 Volltext |
| 856 | 4 | 0 | |u https://www.sciencedirect.com/science/article/pii/S003960602400374X |x Verlag |z lizenzpflichtig |3 Volltext |
| 951 | |a AR | ||
| 992 | |a 20241112 | ||
| 993 | |a Article | ||
| 994 | |a 2024 | ||
| 998 | |g 120893339 |a Büchler, Markus W. |m 120893339:Büchler, Markus W. |d 910000 |d 910200 |e 910000PB120893339 |e 910200PB120893339 |k 0/910000/ |k 1/910000/910200/ |p 33 |y j | ||
| 998 | |g 122158512 |a Hackert, Thilo |m 122158512:Hackert, Thilo |d 50000 |e 50000PH122158512 |k 0/50000/ |p 19 | ||
| 999 | |a KXP-PPN1908288639 |e 4613333717 | ||
| BIB | |a Y | ||
| SER | |a journal | ||
| JSO | |a {"person":[{"role":"aut","display":"Bassi, Claudio","given":"Claudio","family":"Bassi"},{"family":"Marchegiani","given":"Giovanni","display":"Marchegiani, Giovanni","role":"aut"},{"given":"Christos","family":"Dervenis","role":"aut","display":"Dervenis, Christos"},{"family":"Sarr","given":"Micheal","display":"Sarr, Micheal","role":"aut"},{"given":"Mohammad","family":"Abu Hilal","role":"aut","display":"Abu Hilal, Mohammad"},{"display":"Adham, Mustapha","role":"aut","family":"Adham","given":"Mustapha"},{"display":"Allen, Peter","role":"aut","family":"Allen","given":"Peter"},{"display":"Andersson, Roland","role":"aut","family":"Andersson","given":"Roland"},{"display":"Asbun, Horacio J.","role":"aut","family":"Asbun","given":"Horacio J."},{"family":"Besselink","given":"Marc G.","display":"Besselink, Marc G.","role":"aut"},{"family":"Conlon","given":"Kevin","display":"Conlon, Kevin","role":"aut"},{"family":"Del Chiaro","given":"Marco","display":"Del Chiaro, Marco","role":"aut"},{"family":"Falconi","given":"Massimo","display":"Falconi, Massimo","role":"aut"},{"display":"Fernandez-Cruz, Laureano","role":"aut","family":"Fernandez-Cruz","given":"Laureano"},{"display":"Fernandez-del Castillo, Carlos","role":"aut","family":"Fernandez-del Castillo","given":"Carlos"},{"given":"Abe","family":"Fingerhut","role":"aut","display":"Fingerhut, Abe"},{"given":"Helmut","family":"Friess","role":"aut","display":"Friess, Helmut"},{"family":"Gouma","given":"Dirk J.","display":"Gouma, Dirk J.","role":"aut"},{"given":"Thilo","family":"Hackert","role":"aut","display":"Hackert, Thilo"},{"role":"aut","display":"Izbicki, Jakob","given":"Jakob","family":"Izbicki"},{"role":"aut","display":"Lillemoe, Keith D.","given":"Keith D.","family":"Lillemoe"},{"family":"Neoptolemos","given":"John P.","display":"Neoptolemos, John P.","role":"aut"},{"display":"Olah, Attila","role":"aut","family":"Olah","given":"Attila"},{"role":"aut","display":"Schulick, Richard","given":"Richard","family":"Schulick"},{"family":"Shrikhande","given":"Shailesh V.","display":"Shrikhande, Shailesh V.","role":"aut"},{"display":"Takada, Tadahiro","role":"aut","family":"Takada","given":"Tadahiro"},{"family":"Takaori","given":"Kyoichi","display":"Takaori, Kyoichi","role":"aut"},{"given":"William","family":"Traverso","role":"aut","display":"Traverso, William"},{"display":"Vollmer, Charles R.","role":"aut","family":"Vollmer","given":"Charles R."},{"given":"Christopher L.","family":"Wolfgang","role":"aut","display":"Wolfgang, Christopher L."},{"display":"Yeo, Charles J.","role":"aut","family":"Yeo","given":"Charles J."},{"family":"Salvia","given":"Roberto","display":"Salvia, Roberto","role":"aut"},{"given":"Markus W.","family":"Büchler","role":"aut","display":"Büchler, Markus W."}],"physDesc":[{"extent":"2 S."}],"id":{"eki":["1908288639"],"doi":["10.1016/j.surg.2024.05.043"]},"origin":[{"dateIssuedKey":"2024","dateIssuedDisp":"September 2024"}],"recId":"1908288639","type":{"bibl":"article-journal","media":"Online-Ressource"},"language":["eng"],"title":[{"title":"Corrigendum to “The 2016 update of the International Study Group (ISGPF) definition and grading of postoperative pancreatic fistula","title_sort":"Corrigendum to “The 2016 update of the International Study Group (ISGPF) definition and grading of postoperative pancreatic fistula","subtitle":"eleven years after.” Surgery 2017. Mar; 161 (3):584-591. Epub Dec 28, 2016"}],"name":{"displayForm":["Claudio Bassi, MD, Giovanni Marchegiani, MD, Christos Dervenis, MD, Micheal Sarr, MD, Mohammad Abu Hilal, MD, Mustapha Adham, MD, Peter Allen, MD, Roland Andersson, MD, Horacio J. Asbun, MD, Marc G. Besselink, MD, Kevin Conlon, MD, Marco Del Chiaro, MD, Massimo Falconi, MD, Laureano Fernandez-Cruz, MD, Carlos Fernandez-del Castillo, MD, Abe Fingerhut, MD, Helmut Friess, MD, Dirk J. Gouma, MD, Thilo Hackert, MD, Jakob Izbicki, MD, Keith D. Lillemoe, MD, John P. Neoptolemos, MD, Attila Olah, MD, Richard Schulick, MD, Shailesh V. Shrikhande, MD, Tadahiro Takada, MD, Kyoichi Takaori, MD, William Traverso, MD, Charles R. Vollmer, MD, Christopher L. Wolfgang, MD, Charles J. Yeo, MD, Roberto Salvia, MD, Marcus Buchler, MD, from the International Study Group on Pancreatic Surgery (ISGPS)"]},"relHost":[{"note":["Gesehen am 19.07.2023"],"name":{"displayForm":["Society of University Surgeons"]},"language":["eng"],"type":{"media":"Online-Ressource","bibl":"periodical"},"part":{"issue":"3","year":"2024","pages":"988-989","extent":"2","text":"176(2024), 3 vom: Okt., Seite 988-989","volume":"176"},"title":[{"title":"Surgery","title_sort":"Surgery","subtitle":"a monthly journal devoted to the art and science of surgery"}],"pubHistory":["Nachgewiesen 117.1995 -"],"corporate":[{"role":"isb","display":"Society of University Surgeons"}],"recId":"315974907","id":{"zdb":["2018278-8"],"eki":["315974907"],"issn":["1532-7361"]},"origin":[{"publisherPlace":"Amsterdam [u.a.] ; St. Louis, Mo.","dateIssuedDisp":"1995-","dateIssuedKey":"1995","publisher":"Elsevier ; Mosby"}],"disp":"Corrigendum to “The 2016 update of the International Study Group (ISGPF) definition and grading of postoperative pancreatic fistula eleven years after.” Surgery 2017. Mar; 161 (3):584-591. Epub Dec 28, 2016Surgery"}],"note":["Online verfügbar: 25. Juni 2024, Artikelversion: 15. August 2024","Gesehen am 12.11.2024"]} | ||
| SRT | |a BASSICLAUDCORRIGENDU2024 | ||